00295nam a2200109Ia 4500008004000000082001600040100002500056245002500081260004500106300000800151650002600159210210b1978 xxu||||| |||| 00| 0 eng d a820.33 CHAF aCHAUDHURY (P C Roy). aFolk tales of Bihar. aN DbSterling Publishers Pvt Ltd.,c1978 a120 aFolk Tales of Bihar